000 00343nam a22001457a 4500
008 210309b ||||| |||| 00| 0 eng d
020 _a9780874135664
041 _aeng
080 _a7
082 _a7
100 _a44
101 _aART
245 _aRevaling Difference:The Fiction of Isabelle de Charriere
_cAllsion,J.J
942 _2udc
_cBK
999 _c56055
_d56055